| 000 | nam a22 a 4500 | ||
|---|---|---|---|
| 999 |
_c3402 _d3402 |
||
| 003 | AKMAL | ||
| 005 | 20170522152323.0 | ||
| 008 | 170522s2000 my 00 may d | ||
| 020 |
_a9679787176 (kkt. ): _cRM 19.90 |
||
| 040 | _aAKMAL | ||
| 082 | 0 | 4 |
_a658.406 TAN _221 |
| 090 | 0 | 0 |
_a658.406 _bTAN |
| 100 | 1 |
_aTan, Victor S. L. _96876 |
|
| 245 | 1 | 0 |
_aMembebaskan minda yang terjajah : _bperanan strategik pengurus dalam peningkatan produktiviti organisasi / _cVictor S.L. Tan ; diterjemahkan oleh Mohd Zaharin Abdullah |
| 260 |
_aSubang Jaya : _bPelanduk Publications, _c2000 |
||
| 300 | 0 | 0 |
_a183ms. ; _c22cm |
| 650 | 0 |
_aOrganizational change _xManagement _91033 |
|
| 650 | 0 |
_aManagement _vPsychological aspects _91223 |
|
| 650 | 0 |
_aAchievement motivation _91159 |
|
| 650 | 0 |
_aExecutive ability _91222 |
|
| 700 | 0 |
_aMohd Zaharin Abdullah _96877 |
|
| 942 |
_2ddc _cBOOK |
||